• 首页
  • 本馆介绍
  • 公告通知
  • 最新文献
  • 馆藏检索
  • 电子资源
  • 读者导购
  • 参考咨询
  • 我的图书馆
  • 登录
  • 详细信息显示
  • 放入我的书架
  • 预约/预借图书
  • 作者相关作品
  • 分类相关作品
  • 丛书相关作品
  • 出版社相关作品

书目信息

  • 表格格式
  • 工作单格式
  • 卡片格式
题名:
花花朵朵 坛坛罐罐
    
 
作者: 沈从文 著
分册:  
出版信息: 重庆   重庆大学出版社  2014.03
页数: 480页
开本: 25cm
丛书名:
单 册:
中图分类: J052-53 , K870.4
科图分类:
主题词: 美术评论--中国--文集 , 文物--研究--中国--文集 , 美术评论 , 文物
电子资源:
ISBN: 978-7-5624-7778-5
000 00990nam0 2200301 450
001 0120141260142
005 20140609153313.65
010    @a978-7-5624-7778-5@b精装@dCNY149.00
100    @a20140324d2014 em y0chiy0110 ea
101 0  @achi
102    @aCN@b500000
105    @aa z 000yy
106    @ar
200 1  @a花花朵朵 坛坛罐罐@9hua hua duo duo tan tan guan guan@e沈从文谈艺术与文物@f沈从文[著]
210    @a重庆@c重庆大学出版社@d2014.03
215    @a480页@c图@d25cm
330    @a本书包括四十几篇笔记、随笔、讲稿和学术文章,涉及器物、织锦、服饰、书画等类,还谈了个别地方的民俗文化。
333    @a艺术爱好者
517 1  @a沈从文谈艺术与文物@9shen cong wen tan yi shu yu wen wu
606 0  @a美术评论@y中国@j文集
606 0  @a文物@x研究@y中国@j文集
606 0  @a美术评论
606 0  @a文物
690    @aJ052-53@v5
690    @aK870.4@v5
701  0 @a沈从文@9shen cong wen@f(1902-1988)@4著
801  0 @aCN@b人天书店@c20140324
905    @b549846-48@dJ052-53@e279@f3
    
    花花朵朵 坛坛罐罐:沈从文谈艺术与文物/沈从文[著].-重庆:重庆大学出版社,2014.03
    480页:图;25cm
    使用对象:艺术爱好者
    
    ISBN 978-7-5624-7778-5(精装):CNY149.00
    本书包括四十几篇笔记、随笔、讲稿和学术文章,涉及器物、织锦、服饰、书画等类,还谈了个别地方的民俗文化。
●
相关链接 在E读中查询图书 在五车中查询图书 在当当中查询图书 在豆瓣中查询图书


正题名:花花朵朵 坛坛罐罐     索取号:J052-53/279         预约/预借

序号 登录号 条形码 馆藏地/架位号 状态 备注
1 549846   205498460   第一样本阅览室/ [索取号:J052-53/279] 在馆    
2 549847   205498479   第一借阅区/ [索取号:J052-53/279] 在馆    
3 549848   205498488   密集书库-美术系/ [索取号:J052-53/279] 在馆    
唐山师范学院图书馆 欢迎您!
大连网信软件有限公司© 版权所有